| 000 | 00000nam##2200000za#4500 |
| 001 | 9.654328 |
| 003 | CaOODSP |
| 005 | 20200330131005 |
| 007 | ta |
| 008 | 150407|1991||||xxc||||| f|0| 0 fre|d |
| 020 | |a0-662-58022-2 |
| 040 | |aCaOODSP|bfre |
| 041 | |aeng |
| 041 | |afre |
| 043 | |an-cn--- |
| 086 | 1 |aH42-2/47-1991 |
| 110 | 1 |aCanada.|bSanté et Bien-être social Canada. |bDirection générale de la protection de la santé. |
| 245 | 10|aDirection des médicaments: questions et réponses / |cPublié par la Direction des médicaments. |
| 246 | 14|aQuestions et réponses |
| 260 | |aOttawa - Ontario : |bSanté et Bien-être social Canada. |c1991. |
| 300 | |aTexte français, 73p. ; |c28 cm. |
| 500 | |a«Le présent ouvrage [...] a comme but d'aider les fabricants, les distributeurs et les importateurs de médicaments à trouver rapidement les réponses aux questions le plus souvent posées au personnel de la Direction. [...] L'ouvrage renferme des renseignements sur l'interprétation de la Loi et du Règlement sur les aliments et drogues, et du Règlement sur les cosmétiques et sur ordonnance et en vente libre, l'importation et l'exportation de produits pharmaceutiques, et la présentation d'échantillons en vue de l'approbation de la direction générale.»-- Page iv. |
| 520 | 3 |aLe présent ouvrage [...] a comme but d'aider les fabricants, les distributeurs et les importateurs de médicaments à trouver rapidement les réponses aux questions le plus souvent posées au personnel de la Direction. [...] L'ouvrage renferme des renseignements sur l'interprétation de la Loi et du Règlement sur les aliments et drogues, et du Règlement sur les cosmétiques et sur ordonnance et en vente libre, l'importation et l'exportation de produits pharmaceutiques, et la présentation d'échantillons en vue de l'approbation de la direction générale.-- Page iv |
| 546 | |aBilingue |
| 563 | |aCouverture souple |
| 590 | |a91-12|b1991-03-22 |
| 691 | 07|aMédicament|2gcpds |
| 691 | 07|aIndustrie pharmaceutique|2gcpds |
| 776 | 0#|tDirection des médicaments questions et réponses / |w(CaOODSP)9.639912 |
| 776 | 0#|tTherapeutic Products Programme questions and answers / |w(CaOODSP)9.695823 |
| 791 | |tDrugs Directorate: questions and answers / |eeng|w(CaOODSP)9.654327 |